000 00832nam a2200253Ia 4500
003 OSt
005 20220923215638.0
006 a|||||r|||| 00| 0
007 ta
008 220922b |||||||| |||| 00| 0 hin d
024 _a180,546
037 _cTextual
040 _aARTS
_cARTS
_bhin
041 _2hin
_ahin
082 _aO152,1J94:g(P), L9
100 _aपांचाल, शकुन्तला
_9156292
245 0 _aबिहारी की भाषा
246 _aBihārī kī bhāṣhā
260 _aकानपुर
_b साहित्य रत्नालय
_c1979
300 _a439 पृ.
_ccm.
650 _aहिन्दी साहित्य
_9156264
942 _hO152,1J94:g(P), L9
_cTEXL
_2CC
999 _c333924
_d333924